000
00398nam a2200145Ia 4500
008
100122s9999 xx 000 0 und d
082
_b
57781
_a
823
100
_a
नील-मुरुमकर कविता
245
_a
भैरवी
260
_b
जतिन रांगणेकर
_c
1999
300
_a
128
630
_a
भैरवी
730
_a
भैरवी
942
_c
BOOK
999
_c
433937
_d
433934